Biblioteca

El griego bíblico al alcance de todos : un estudio programado del griego del Nuevo Testamento (Registro nro. 40376)

Detalles MARC
000 -LÍDER
Campo fijo de descripción fija 02494aam a2200301 i 4500
001 - NÚMERO DE CONTROL
Campo de control 11001
003 - IDENTIFICADOR DEL NÚMERO DE CONTROL
Campo de control CO-MdBIC
005 - FECHA Y HORA DE LA ULTIMA TRANSACCIÓN
control field 20211022111430.0
008 - ELEMENTOS DE LONGITUD FIJA -- INFORMACIÓN GENERAL
Campo fijo de descripción fija -- Información general 210911t2007 sp b|||| |||| 00| 0 eng d
020 ## - NÚMERO INTERNACIONAL NORMALIZADO PARA LIBROS
Número Internacional Normalizado del libro 978-84-8267-518-3
040 ## - FUENTE DE CATALOGACIÓN
Idioma de catalogación spa.
Agencia de catalogación original CO-MdFUSB
Agencia que realiza la transcripción CO-MdFUSB
Agencia que realiza la modificación CO-MdFUSBC
Convenciones de la descripción rda
041 ## - CÓDIGO DE IDIOMA
Código de idioma para texto/pista de sonido o título separado spa
082 04 - NÚMERO DE CLASIFICACIÓN DECIMAL DEWEY
Número de clasificación R 487.4 S4796g
100 1# - ASIENTO PRINCIPAL--NOMBRE PERSONAL
Nombre personal Septién, José Antonio
245 10 - TÍTULO
Título del Material El griego bíblico al alcance de todos : un estudio programado del griego del Nuevo Testamento
Mención de responsabilidad, etc. / José Antonio Septién
264 #1 - PRODUCCIÓN, PUBLICACIÓN, DISTRIBUCIÓN, MANUFACTURA, Y COPYRIGHT
Lugar de producción, publicación, distribución, manufactura Viladecavalls, Barcelona :
Nombre del productor, publicador, distribuidor Clie,
Fecha de producción, publicación, distribución, manufactura, o copyright [2007]
264 #4 - PRODUCCIÓN, PUBLICACIÓN, DISTRIBUCIÓN, MANUFACTURA, Y COPYRIGHT
Lugar de producción, publicación, distribución, manufactura © 2007
300 ## - DESCRIPCIÓN FÍSICA
Extensión 1189 p.
Dimensiones ;
336 ## - TIPO DE CONTENIDO
Fuente rdacontent
Término de tipo de contenido texto
Código de tipo de contenido txt
337 ## - TIPO DE MEDIO
Fuente rdamedia
Nombre del tipo de medio sin mediación
Código del tipo de medio n
338 ## - TIPO DE SOPORTE
Fuente rdacarrier
Nombre del tipo de soporte volumen
Código Tipo de soporte nc
505 ## - NOTA DE CONTENIDO
Nota de contenido con formato preestablecido INTRODUCCIÓN -- LECCIÓN 1: La oración española (I).-- LECCIÓN 2: La oración española (II).-- LECCIÓN 3: El alfabeto y los signos de puntuación. -- LECCIÓN 4: Características del verbo, presente de Indicativo. -- LECCIÓN 5: El sustantivo de segunda declinación (I). -- LECCIÓN 6: El sustantivo de segunda declinación (II). LECCIÓN 7: El adjetivo (I), naturaleza y función del verbo eijmiv. -- LECCIÓN 8: La primera declinación -- LECCIÓN 9: El adjetivo (II). LECCIÓN 10: El Imperfecto. -- LECCIÓN 11: El pronombre personal. -- LECCIÓN 12: El Imperativo Presente, la preposición. -- LECCIÓN 13: El Infinitivo Presente. -- LECCIÓN 14: El futuro. -- LECCIÓN 15: Los pronombres demostrativo y reflexivo. -- LECCIÓN 16: El Aoristo, el verbo compuesto. -- LECCIÓN 17: El Imperativo e Infinitivo Aoristo. -- LECCIÓN 18: La tercera declinación. -- LECCIÓN 19: El pronombre y el adjetivo interrogativo e indefinido tiV ti. -- LECCIÓN 20: La voz pasiva. LECCIÓN 21: La voz media. --LECCIÓN 22: Los verbos contractos. -- LECCIÓN 23: El Perfecto. -- LECCIÓN 24: El Pluscuamperfecto. -- LECCIÓN 25: El Participio (I). -- LECCIÓN 26: El Participio (II). -- LECCIÓN 27: El Participio (II). -- LECCIÓN 28: El Subjuntivo. -- LECCIÓN 29: Los verbos en -mi (I). -- LECCIÓN 30: Los verbos en -mi (II). -- LECCIÓN 31: Proposiciones condicionales, el modo Optativo. \ INDICES \ Partes fundamentales de los verbos \ Vocabulario general clasificado por lección y frecuencia \ Índice de materias e Índice de versículos citados.\ BIBLIOGRAFÍA
653 ## - TÉRMINO DE INDIZACIÓN - NO CONTROLADO
Término no controlado Griego
653 ## - TÉRMINO DE INDIZACIÓN - NO CONTROLADO
Término no controlado Bíblico
942 ## - TIPO DE MATERIAL (KOHA)
Tipo de Item KOHA Libros General
945 ## - INFORMACIÓN LOCAL DEL REGISTRO
Catalogador estudiante
Existencias
Estado de Material Estado de Perdido Forma de Clasificación Estado de Dañado No para Préstamo Colección Tomo Biblioteca de Origen Biblioteca Permanente Fecha de Adquisición Área Total de Préstamos Signatura Topográfica Código de Barras Última vez visto Ejemplar/Existencia Fecha de Remplazo Tipo de Material
    Dewey Decimal Classification     Colección de Referencia   Biblioteca FUSBC Biblioteca FUSBC 17/09/2024 LENGUAS - LINGUISTICA   R 487.4 S4796g 17685 10/05/2024 Ej. 1 26/01/2016 Libros de Referencia
    Dewey Decimal Classification     Colección de Referencia   Biblioteca FUSBC Biblioteca FUSBC 17/09/2024 LENGUAS - LINGUISTICA   R 487.4 S4796g 25420 17/09/2024 Ej. 2 26/01/2016 Libros de Referencia

Biblioteca FUSBC | Teléfono: (57+4) 349 88 10 Ext. 141| WhatsApp (+57) 3005338115 
E-mail: biblioteca@unisbc.edu.co | Calle 76 87-14 Robledo Palenque, Medellín, Colombia

Con tecnología Koha